Metody sociální práce Podklady ke stážím studentů a ke kazuistickým seminářům

Salvato in:
Dettagli Bibliografici
Autore principale: Řezníček, Ivo
Natura: Libro
Lingua:ceco
Pubblicazione: Praha Sociologické nakladatelství 1994
Edizione:1. vyd.
Soggetti:
Tags: Aggiungi Tag
Nessun Tag, puoi essere il primo ad aggiungerne!!

MARC

LEADER 00000nam a2200000 4500
001 c005931
005 20221205140807.7
020 |a 80-85850-00-1 
041 0 |a cze 
044 |a CZ 
245 1 0 |a Metody sociální práce  |b Podklady ke stážím studentů a ke kazuistickým seminářům  |c Ivo Řezníček 
250 |a 1. vyd. 
264 1 |a Praha  |b Sociologické nakladatelství  |c 1994 
300 |a 75 s. 
610 2 0 |a starostlivosť sociálna 
610 2 0 |a zdravotníctvo 
610 2 0 |a pomoc sociálna 
100 1 |a Řezníček, Ivo